| 000 | 00592cam a2200229ua 4500 | ||
|---|---|---|---|
| 001 | 8279 | ||
| 008 | 150127n ii |||gr||||Z||||||asm | ||
| 020 | _a9788191098303 | ||
| 040 | _cMAIN | ||
| 041 | _aasm | ||
| 082 | _a370.954 | ||
| 100 | 1 |
_aChaliha, Beda Kr, _eAuthor. |
|
| 245 | 1 |
_aSnatak mahalar bharatarb sikshar itihas _cby Beda Kr. Chaliha |
|
| 250 | _a2nd rev. | ||
| 260 |
_aJorhat: _bBidya Bhawan, _c2012. |
||
| 300 | _a310p. | ||
| 653 | _aEducation | ||
| 653 | _aIndian education | ||
| 700 |
_aSaikia, Tarun, _eAuthor. |
||
| 700 |
_aSaikia, Runu Borah, _eAuthor. |
||
| 942 | _cBK | ||
| 999 |
_c7394 _d7394 |
||